[Event "PK Jeugd 2020 B"]
[Site "Eindhoven, Netherlands"]
[Date "????.??.??"]
[Round "6.10"]
[White "Molanus, Florian"]
[Black "Ubbink, Anouk"]
[Result "1-0"]
[WhiteElo "1468"]
[BlackElo "1195"]

1. d4 {[%clk 00:55:17]} {[%emt 00:00:02]} d5 {[%clk 00:55:18]} {[%emt
00:00:03]} 2. c4 {[%clk 00:55:21]} {[%emt 00:00:06]} e6 {[%clk 00:55:26]}
{[%emt 00:00:02]} 3. Nc3 {[%clk 00:55:26]} {[%emt 00:00:05]} Nf6 {[%clk
00:55:33]} {[%emt 00:00:03]} 4. cxd5 {[%clk 00:55:31]} {[%emt 00:00:05]} Nxd5
{[%clk 00:55:33]} {[%emt 00:00:10]} 5. e4 {[%clk 00:55:35]} {[%emt 00:00:05]}
Nf6 {[%clk 00:55:37]} {[%emt 00:00:07]} 6. Bg5 {[%clk 00:55:32]} {[%emt
00:00:13]} Be7 {[%clk 00:55:43]} {[%emt 00:00:05]} 7. Nf3 {[%clk 00:55:13]}
{[%emt 00:00:28]} Nc6 {[%clk 00:55:48]} {[%emt 00:00:06]} 8. Bb5 {[%clk
00:52:54]} {[%emt 00:02:28]} Bd7 {[%clk 00:55:46]} {[%emt 00:00:12]} 9. O-O
{[%clk 00:51:58]} {[%emt 00:01:05]} O-O {[%clk 00:55:49]} {[%emt 00:00:08]} 10.
Qe2 {[%clk 00:44:57]} {[%emt 00:07:10]} h6 {[%clk 00:53:40]} {[%emt 00:02:19]}
11. Bh4 {[%clk 00:43:19]} {[%emt 00:01:48]} Nh5 {[%clk 00:51:21]} {[%emt
00:02:29]} 12. Bxe7 {[%clk 00:42:11]} {[%emt 00:01:19]} Qxe7 {[%clk 00:51:23]}
{[%emt 00:00:08]} 13. Bxc6 {[%clk 00:41:05]} {[%emt 00:01:16]} Bxc6 {[%clk
00:51:21]} {[%emt 00:00:11]} 14. Ne5 {[%clk 00:41:11]} {[%emt 00:00:04]} Qd6
{[%clk 00:49:14]} {[%emt 00:02:15]} 15. Qxh5 {[%clk 00:40:46]} {[%emt
00:00:37]} f6 {[%clk 00:48:41]} {[%emt 00:00:43]} 16. Nxc6 {[%clk 00:40:31]}
{[%emt 00:00:26]} Qxc6 {[%clk 00:48:44]} {[%emt 00:00:07]} 17. d5 {[%clk
00:39:09]} {[%emt 00:01:33]} exd5 {[%clk 00:48:35]} {[%emt 00:00:18]} 18. Qxd5+
{[%clk 00:39:11]} {[%emt 00:00:08]} Qxd5 {[%clk 00:48:38]} {[%emt 00:00:07]} 19.
Nxd5 {[%clk 00:39:16]} {[%emt 00:00:05]} c6 {[%clk 00:48:32]} {[%emt 00:00:16]}
20. Nc3 {[%clk 00:39:04]} {[%emt 00:00:22]} Rfe8 {[%clk 00:48:33]} {[%emt
00:00:09]} 21. f4 {[%clk 00:38:45]} {[%emt 00:00:28]} Rad8 {[%clk 00:48:38]}
{[%emt 00:00:06]} 22. Rad1 {[%clk 00:38:47]} {[%emt 00:00:08]} Kf7 {[%clk
00:47:03]} {[%emt 00:01:44]} 23. Rxd8 {[%clk 00:38:36]} {[%emt 00:00:22]} Rxd8
{[%clk 00:41:34]} {[%emt 00:05:39]} 24. Rd1 {[%clk 00:38:20]} {[%emt 00:00:25]}
Re8 {[%clk 00:41:28]} {[%emt 00:00:17]} 25. Rd7+ {[%clk 00:38:18]} {[%emt
00:00:12]} Re7 {[%clk 00:41:29]} {[%emt 00:00:10]} 26. Rxe7+ {[%clk 00:38:22]}
{[%emt 00:00:05]} Kxe7 {[%clk 00:41:34]} {[%emt 00:00:05]} 27. Kf2 {[%clk
00:38:27]} {[%emt 00:00:04]} Ke6 {[%clk 00:41:40]} {[%emt 00:00:05]} 28. Ke3
{[%clk 00:38:02]} {[%emt 00:00:35]} Kd6 {[%clk 00:41:26]} {[%emt 00:00:24]} 29.
Kd4 {[%clk 00:37:59]} {[%emt 00:00:13]} c5+ {[%clk 00:40:35]} {[%emt 00:01:00]}
30. Kc4 {[%clk 00:38:01]} {[%emt 00:00:07]} a6 {[%clk 00:40:41]} {[%emt
00:00:05]} 31. a4 {[%clk 00:38:05]} {[%emt 00:00:06]} Ke6 {[%clk 00:40:14]}
{[%emt 00:00:37]} 32. Kxc5 {[%clk 00:38:02]} {[%emt 00:00:14]} Kd7 {[%clk
00:40:18]} {[%emt 00:00:06]} 33. Kb6 {[%clk 00:38:00]} {[%emt 00:00:12]} Kc8
{[%clk 00:40:21]} {[%emt 00:00:06]} 34. e5 {[%clk 00:38:01]} {[%emt 00:00:09]}
fxe5 {[%clk 00:39:46]} {[%emt 00:00:45]} 35. fxe5 {[%clk 00:38:02]} {[%emt
00:00:09]} Kd7 {[%clk 00:39:55]} {[%emt 00:00:02]} 36. Kxb7 {[%clk 00:38:05]}
{[%emt 00:00:07]} Ke6 {[%clk 00:40:00]} {[%emt 00:00:05]} 37. Kxa6 {[%clk
00:38:11]} {[%emt 00:00:04]} Kxe5 {[%clk 00:40:03]} {[%emt 00:00:07]} 38. Kb6
{[%clk 00:38:14]} {[%emt 00:00:07]} Kd6 {[%clk 00:39:57]} {[%emt 00:00:15]} 39.
a5 {[%clk 00:38:18]} {[%emt 00:00:07]} Kd7 {[%clk 00:39:48]} {[%emt 00:00:19]}
40. a6 {[%clk 00:38:19]} {[%emt 00:00:09]} Ke6 {[%clk 00:39:55]} {[%emt
00:00:02]} 41. a7 {[%clk 00:38:25]} {[%emt 00:00:05]} Kf6 {[%clk 00:39:43]}
{[%emt 00:00:21]} 42. a8=Q {[%clk 00:38:27]} {[%emt 00:00:06]} Kg6 {[%clk
00:39:46]} {[%emt 00:00:08]} 43. Qe4 {[%clk 00:38:33]} {[%emt 00:00:05]} Kf7
{[%clk 00:39:45]} {[%emt 00:00:10]} 44. Kc6 {[%clk 00:38:38]} {[%emt 00:00:06]}
1-0

[Event "PK Jeugd 2020 B"]
[Site "Eindhoven, Netherlands"]
[Date "????.??.??"]
[Round "7.1"]
[White "Labruyere, Roger"]
[Black "Boghossian, Wahe"]
[Result "1/2-1/2"]
[WhiteElo "2069"]
[BlackElo "1769"]

1. d4 {[%clk 00:55:18]} Nf6 {[%clk 00:54:05]} {[%emt 00:01:16]} 2. Nf3 {[%clk
00:55:23]} {[%emt 00:00:04]} d5 {[%clk 00:53:38]} {[%emt 00:00:38]} 3. g3
{[%clk 00:55:28]} {[%emt 00:00:05]} g6 {[%clk 00:53:30]} {[%emt 00:00:18]} 4.
Bg2 {[%clk 00:55:34]} {[%emt 00:00:02]} Bg7 {[%clk 00:53:28]} {[%emt 00:00:13]}
5. O-O {[%clk 00:55:38]} {[%emt 00:00:06]} Nc6 {[%clk 00:53:02]} {[%emt
00:00:36]} 6. c4 {[%clk 00:55:26]} {[%emt 00:00:21]} dxc4 {[%clk 00:53:05]}
{[%emt 00:00:07]} 7. Qa4 {[%clk 00:55:30]} {[%emt 00:00:06]} O-O {[%clk
00:53:08]} {[%emt 00:00:08]} 8. Qxc4 {[%clk 00:55:25]} {[%emt 00:00:15]} Be6
{[%clk 00:53:10]} {[%emt 00:00:08]} 9. Qa4 {[%clk 00:53:54]} {[%emt 00:01:41]}
Nd5 {[%clk 00:52:59]} {[%emt 00:00:21]} 10. e3 {[%clk 00:47:47]} {[%emt
00:06:17]} Nb6 {[%clk 00:51:41]} {[%emt 00:01:28]} 11. Qd1 {[%clk 00:47:50]}
{[%emt 00:00:06]} Qd7 {[%clk 00:38:08]} {[%emt 00:13:43]} 12. Re1 {[%clk
00:47:37]} {[%emt 00:00:23]} Rad8 {[%clk 00:37:04]} {[%emt 00:01:14]} 13. Nc3
{[%clk 00:46:54]} {[%emt 00:00:53]} Bg4 {[%clk 00:34:11]} {[%emt 00:02:59]} 14.
Qb3 {[%clk 00:38:08]} {[%emt 00:08:59]} e5 {[%clk 00:23:58]} {[%emt 00:10:24]}
15. d5 {[%clk 00:31:24]} {[%emt 00:06:54]} Na5 {[%clk 00:17:35]} {[%emt
00:06:33]} 16. Qb4 {[%clk 00:29:36]} {[%emt 00:01:57]} Nac4 {[%clk 00:16:14]}
{[%emt 00:01:31]} 17. e4 {[%clk 00:27:26]} {[%emt 00:02:20]} a5 {[%clk
00:09:53]} {[%emt 00:06:31]} 18. Qb3 {[%clk 00:26:06]} {[%emt 00:01:30]} a4
{[%clk 00:09:50]} {[%emt 00:00:13]} 19. Qc2 {[%clk 00:24:46]} {[%emt 00:01:30]}
h6 {[%clk 00:09:07]} {[%emt 00:00:53]} 20. b3 {[%clk 00:23:35]} {[%emt
00:01:22]} axb3 {[%clk 00:08:39]} {[%emt 00:00:38]} 21. axb3 {[%clk 00:23:44]}
Nd6 {[%clk 00:08:34]} {[%emt 00:00:15]} 22. Be3 {[%clk 00:19:40]} {[%emt
00:04:13]} Bxf3 {[%clk 00:07:54]} {[%emt 00:00:50]} 23. Bxf3 {[%clk 00:19:42]}
{[%emt 00:00:08]} f5 {[%clk 00:07:46]} {[%emt 00:00:18]} 24. Bg2 {[%clk
00:15:02]} {[%emt 00:04:50]} Rde8 {[%clk 00:05:28]} {[%emt 00:02:28]} 25. Rac1
{[%clk 00:11:51]} {[%emt 00:03:22]} f4 {[%clk 00:04:27]} {[%emt 00:01:11]} 26.
Bxb6 {[%clk 00:10:25]} {[%emt 00:01:36]} cxb6 {[%clk 00:04:36]} {[%emt
00:00:02]} 27. Na4 {[%clk 00:10:21]} {[%emt 00:00:13]} fxg3 {[%clk 00:01:45]}
{[%emt 00:03:01]} 28. hxg3 {[%clk 00:10:00]} {[%emt 00:00:31]} Rc8 {[%clk
00:01:02]} {[%emt 00:00:53]} 29. Qd2 {[%clk 00:09:52]} {[%emt 00:00:18]} Rxc1
{[%clk 00:00:58]} {[%emt 00:00:14]} 30. Rxc1 {[%clk 00:09:56]} {[%emt
00:00:06]} Qg4 {[%clk 00:00:42]} {[%emt 00:00:26]} 31. Qb4 {[%clk 00:07:46]}
{[%emt 00:02:21]} b5 {[%clk 00:00:17]} {[%emt 00:00:34]} 32. Qxd6 {[%clk
00:06:11]} {[%emt 00:01:45]} bxa4 {[%clk 00:00:27]} {[%emt 00:00:01]} 33. bxa4
{[%clk 00:06:04]} {[%emt 00:00:17]} h5 {[%clk 00:00:23]} {[%emt 00:00:13]} 34.
Qe7 {[%clk 00:03:15]} {[%emt 00:02:59]} Qe2 {[%clk 00:00:17]} {[%emt 00:00:16]}
35. Rc7 {[%clk 00:02:57]} {[%emt 00:00:28]} Qxf2+ {[%clk 00:00:26]} {[%emt
00:00:02]} 36. Kh2 {[%clk 00:03:06]} Qf6 {[%clk 00:00:14]} {[%emt 00:00:23]} 37.
Rxb7 {[%clk 00:02:50]} {[%emt 00:00:26]} Qxe7 {[%clk 00:00:15]} {[%emt
00:00:08]} 38. Rxe7 {[%clk 00:02:59]} {[%emt 00:00:01]} Ra8 {[%clk 00:00:24]}
{[%emt 00:00:01]} 39. d6 {[%clk 00:02:41]} {[%emt 00:00:27]} Bf6 {[%clk
00:00:34]} 40. Rb7 {[%clk 00:01:56]} {[%emt 00:00:55]} Rxa4 {[%emt 00:01:56]}
41. d7 {[%emt 00:00:06]} Rd4 {[%emt 00:00:08]} 42. Bh3 {[%emt 00:00:02]} Kf8
{[%emt 00:00:02]} 1/2-1/2

[Event "PK Jeugd 2020 B"]
[Site "Eindhoven, Netherlands"]
[Date "????.??.??"]
[Round "7.2"]
[White "Verheul, Job"]
[Black "Basa, Manasvita"]
[Result "1-0"]
[WhiteElo "1677"]
[BlackElo "1728"]

1. e4 {[%clk 00:55:18]} e5 {[%clk 00:55:15]} {[%emt 00:00:06]} 2. Nf3 {[%clk
00:55:22]} {[%emt 00:00:06]} Nc6 {[%clk 00:55:21]} {[%emt 00:00:04]} 3. Bb5
{[%clk 00:55:25]} {[%emt 00:00:07]} f5 {[%clk 00:55:22]} {[%emt 00:00:09]} 4.
Nc3 {[%clk 00:54:55]} {[%emt 00:00:40]} Nf6 {[%clk 00:55:02]} {[%emt 00:00:30]}
5. d3 {[%clk 00:51:12]} {[%emt 00:03:53]} d6 {[%clk 00:54:55]} {[%emt
00:00:17]} 6. Bg5 {[%clk 00:49:15]} {[%emt 00:02:07]} h6 {[%clk 00:54:25]}
{[%emt 00:00:41]} 7. Bxf6 {[%clk 00:48:02]} {[%emt 00:01:23]} Qxf6 {[%clk
00:54:28]} {[%emt 00:00:07]} 8. Nd5 {[%clk 00:47:26]} {[%emt 00:00:46]} Qd8
{[%clk 00:53:30]} {[%emt 00:00:05]} 9. Nd4 {[%clk 00:34:26]} {[%emt 00:14:14]}
Qg5 {[%clk 00:43:43]} {[%emt 00:09:56]} 10. Nxc6 {[%clk 00:31:10]} {[%emt
00:03:27]} bxc6 {[%clk 00:42:12]} {[%emt 00:01:42]} 11. Bxc6+ {[%clk 00:30:26]}
{[%emt 00:00:54]} Bd7 {[%clk 00:40:19]} {[%emt 00:02:03]} 12. Bxa8 {[%clk
00:21:24]} {[%emt 00:09:11]} Kd8 {[%clk 00:40:16]} {[%emt 00:00:13]} 13. Qd2
{[%clk 00:18:12]} {[%emt 00:03:22]} Qxd2+ {[%clk 00:39:13]} {[%emt 00:01:14]}
14. Kxd2 {[%clk 00:18:15]} {[%emt 00:00:08]} c6 {[%clk 00:39:20]} {[%emt
00:00:02]} 15. Nb4 {[%clk 00:16:17]} {[%emt 00:02:07]} Kc7 {[%clk 00:39:25]}
{[%emt 00:00:06]} 16. Nxc6 {[%clk 00:15:40]} {[%emt 00:00:47]} Bxc6 {[%clk
00:39:28]} {[%emt 00:00:07]} 17. Bxc6 {[%clk 00:15:44]} {[%emt 00:00:06]} Kxc6
{[%clk 00:39:35]} {[%emt 00:00:03]} 18. exf5 {[%clk 00:14:42]} {[%emt
00:01:12]} Be7 {[%clk 00:39:38]} {[%emt 00:00:07]} 19. Rhf1 {[%clk 00:11:28]}
{[%emt 00:03:23]} Rf8 {[%clk 00:38:59]} {[%emt 00:00:49]} 20. g4 {[%clk
00:10:18]} {[%emt 00:01:21]} Bg5+ {[%clk 00:37:38]} {[%emt 00:01:31]} 21. Ke2
{[%clk 00:08:55]} {[%emt 00:01:33]} Rb8 {[%clk 00:36:53]} {[%emt 00:00:55]} 22.
b3 {[%clk 00:07:45]} {[%emt 00:01:21]} Kd5 {[%clk 00:34:50]} {[%emt 00:02:13]}
23. c3 {[%clk 00:06:16]} {[%emt 00:01:39]} Rc8 {[%clk 00:34:40]} {[%emt
00:00:20]} 24. c4+ {[%clk 00:02:20]} {[%emt 00:04:07]} Kc5 {[%clk 00:34:13]}
{[%emt 00:00:38]} 25. Kd1 {[%clk 00:02:05]} {[%emt 00:00:24]} Kd4 {[%clk
00:33:34]} {[%emt 00:00:49]} 26. Kc2 {[%clk 00:02:04]} {[%emt 00:00:11]} Bf6
{[%clk 00:33:25]} {[%emt 00:00:19]} 27. Rae1 {[%clk 00:01:39]} {[%emt
00:00:34]} Rb8 {[%clk 00:33:08]} {[%emt 00:00:28]} 28. f4 {[%clk 00:01:14]}
{[%emt 00:00:35]} Kc5 {[%clk 00:32:34]} {[%emt 00:00:43]} 29. fxe5 {[%clk
00:01:02]} {[%emt 00:00:21]} dxe5 {[%clk 00:32:43]} {[%emt 00:00:02]} 30. Re4
{[%clk 00:00:59]} {[%emt 00:00:13]} Rd8 {[%clk 00:32:42]} {[%emt 00:00:11]} 31.
h4 {[%clk 00:00:39]} {[%emt 00:00:31]} Kd6 {[%clk 00:32:25]} {[%emt 00:00:27]}
32. Rh1 {[%clk 00:00:31]} {[%emt 00:00:18]} Rf8 {[%clk 00:32:02]} {[%emt
00:00:32]} 33. h5 {[%clk 00:00:19]} {[%emt 00:00:22]} Bg5 {[%clk 00:32:04]}
{[%emt 00:00:08]} 34. Rhe1 {[%clk 00:00:22]} {[%emt 00:00:06]} Bf4 {[%clk
00:31:57]} {[%emt 00:00:17]} 35. d4 {[%clk 00:00:21]} {[%emt 00:00:12]} Bg3
{[%clk 00:31:16]} {[%emt 00:00:51]} 36. dxe5+ {[%clk 00:00:21]} {[%emt
00:00:10]} Ke7 {[%clk 00:31:25]} {[%emt 00:00:01]} 37. Rd1 {[%clk 00:00:20]}
{[%emt 00:00:09]} Rc8 {[%clk 00:30:17]} {[%emt 00:01:19]} 38. Rd6 {[%clk
00:00:15]} {[%emt 00:00:14]} Rc7 {[%clk 00:30:22]} {[%emt 00:00:06]} 39. Rg6
{[%clk 00:00:13]} {[%emt 00:00:12]} Kf8 {[%clk 00:30:15]} {[%emt 00:00:17]} 40.
Rd6 {[%clk 00:00:15]} {[%emt 00:00:08]} Ke7 {[%clk 00:30:20]} {[%emt 00:00:05]}
41. Rd5 {[%clk 00:00:17]} {[%emt 00:00:08]} Rc6 {[%clk 00:29:54]} {[%emt
00:00:36]} 42. Kc3 {[%clk 00:00:12]} {[%emt 00:00:14]} Bf2 {[%clk 00:29:41]}
{[%emt 00:00:23]} 43. b4 {[%clk 00:00:13]} {[%emt 00:00:10]} a6 {[%clk
00:29:34]} {[%emt 00:00:17]} 44. a4 {[%clk 00:00:12]} {[%emt 00:00:11]} Ba7
{[%clk 00:28:30]} {[%emt 00:01:14]} 45. Rd6 {[%clk 00:00:16]} {[%emt 00:00:05]}
Rc7 {[%clk 00:26:59]} {[%emt 00:01:41]} 46. Rxa6 {[%clk 00:00:23]} {[%emt
00:00:03]} Bf2 {[%clk 00:26:56]} {[%emt 00:00:13]} 47. Rg6 {[%clk 00:00:22]}
{[%emt 00:00:11]} Kf8 {[%clk 00:26:42]} {[%emt 00:00:23]} 48. f6 {[%clk
00:00:20]} {[%emt 00:00:13]} Bh4 {[%clk 00:23:08]} {[%emt 00:03:44]} 49. Rxg7
{[%clk 00:00:19]} {[%emt 00:00:11]} Rxg7 {[%clk 00:23:05]} {[%emt 00:00:13]} 50.
fxg7+ {[%clk 00:00:27]} {[%emt 00:00:02]} Kxg7 {[%clk 00:23:13]} {[%emt
00:00:02]} 51. a5 {[%clk 00:00:30]} {[%emt 00:00:07]} Bd8 {[%clk 00:22:49]}
{[%emt 00:00:34]} 52. c5 {[%clk 00:00:34]} {[%emt 00:00:06]} Kf7 {[%clk
00:22:40]} {[%emt 00:00:19]} 53. e6+ {[%clk 00:00:35]} {[%emt 00:00:10]} Ke7
{[%clk 00:22:25]} {[%emt 00:00:23]} 54. a6 {[%clk 00:00:42]} {[%emt 00:00:05]}
1-0

[Event "PK Jeugd 2020 B"]
[Site "Eindhoven, Netherlands"]
[Date "????.??.??"]
[Round "7.3"]
[White "Cchung, Nyuk Lyn"]
[Black "Grooten, Tommy"]
[Result "0-1"]
[WhiteElo "2001"]
[BlackElo "1734"]

1. e4 {[%clk 00:55:19]} {[%emt 00:34:44]} c5 {[%clk 00:55:14]} {[%emt
00:00:07]} 2. Nf3 {[%clk 00:55:24]} {[%emt 00:00:05]} e6 {[%clk 00:55:21]}
{[%emt 00:00:04]} 3. d4 {[%clk 00:55:29]} {[%emt 00:00:04]} cxd4 {[%clk
00:55:27]} {[%emt 00:00:04]} 4. Nxd4 {[%clk 00:55:34]} {[%emt 00:00:05]} Nf6
{[%clk 00:55:34]} {[%emt 00:00:04]} 5. Nc3 {[%clk 00:54:46]} {[%emt 00:00:57]}
d6 {[%clk 00:55:39]} {[%emt 00:00:05]} 6. Bg5 {[%clk 00:54:04]} {[%emt
00:00:52]} Be7 {[%clk 00:54:22]} {[%emt 00:01:28]} 7. Ndb5 {[%clk 00:52:45]}
{[%emt 00:01:29]} Nc6 {[%clk 00:49:28]} {[%emt 00:05:04]} 8. Bxf6 {[%clk
00:52:45]} {[%emt 00:00:10]} gxf6 {[%clk 00:49:32]} {[%emt 00:00:06]} 9. Qd2
{[%clk 00:51:40]} {[%emt 00:01:15]} a6 {[%clk 00:49:35]} {[%emt 00:00:07]} 10.
Nd4 {[%clk 00:51:44]} {[%emt 00:00:05]} Qb6 {[%clk 00:49:34]} {[%emt 00:00:12]}
11. Nb3 {[%clk 00:51:34]} {[%emt 00:00:20]} Bd7 {[%clk 00:49:13]} {[%emt
00:00:30]} 12. O-O-O {[%clk 00:51:36]} {[%emt 00:00:08]} a5 {[%clk 00:49:14]}
{[%emt 00:00:10]} 13. Nb5 {[%clk 00:47:08]} {[%emt 00:04:38]} O-O-O {[%clk
00:45:41]} {[%emt 00:03:40]} 14. Nxd6+ {[%clk 00:43:26]} {[%emt 00:03:54]} Bxd6
{[%clk 00:45:23]} {[%emt 00:00:29]} 15. Qxd6 {[%clk 00:43:34]} {[%emt
00:00:02]} Qxf2 {[%clk 00:45:03]} {[%emt 00:00:30]} 16. Qc5 {[%clk 00:42:39]}
{[%emt 00:01:06]} Qxc5 {[%clk 00:43:52]} {[%emt 00:01:20]} 17. Nxc5 {[%clk
00:42:47]} {[%emt 00:00:02]} Rhg8 {[%clk 00:43:29]} {[%emt 00:00:33]} 18. g3
{[%clk 00:41:44]} {[%emt 00:01:13]} Ne5 {[%clk 00:42:55]} {[%emt 00:00:44]} 19.
Be2 {[%clk 00:36:41]} {[%emt 00:05:13]} Bc6 {[%clk 00:42:39]} {[%emt 00:00:27]}
20. Rhf1 {[%clk 00:35:51]} {[%emt 00:00:58]} b6 {[%clk 00:40:28]} {[%emt
00:02:23]} 21. Nd3 {[%clk 00:34:34]} {[%emt 00:01:27]} Nd7 {[%clk 00:35:03]}
{[%emt 00:05:34]} 22. Bh5 {[%clk 00:33:01]} {[%emt 00:01:43]} Rg7 {[%clk
00:34:29]} {[%emt 00:00:45]} 23. e5 {[%clk 00:30:53]} {[%emt 00:02:18]} f5
{[%clk 00:33:33]} {[%emt 00:01:06]} 24. g4 {[%clk 00:29:39]} {[%emt 00:01:24]}
Be4 {[%clk 00:31:48]} {[%emt 00:01:55]} 25. Nf2 {[%clk 00:29:41]} {[%emt
00:00:08]} Bf3 {[%clk 00:31:29]} {[%emt 00:00:29]} 26. Rd3 {[%clk 00:28:04]}
{[%emt 00:01:48]} fxg4 {[%clk 00:30:24]} {[%emt 00:01:16]} 27. h3 {[%clk
00:25:10]} {[%emt 00:03:03]} Nxe5 {[%clk 00:29:48]} {[%emt 00:00:47]} 28. Rc3+
{[%clk 00:25:18]} {[%emt 00:00:02]} Kb7 {[%clk 00:29:31]} {[%emt 00:00:27]} 29.
Nxg4 {[%clk 00:24:25]} {[%emt 00:01:03]} Bxg4 {[%clk 00:29:10]} {[%emt
00:00:31]} 30. hxg4 {[%clk 00:24:30]} {[%emt 00:00:05]} Rd7 {[%clk 00:28:51]}
{[%emt 00:00:30]} 31. Re1 {[%clk 00:23:56]} {[%emt 00:00:43]} Nxg4 {[%clk
00:28:20]} {[%emt 00:00:41]} 32. Rg3 {[%clk 00:23:55]} {[%emt 00:00:10]} Rd4
{[%clk 00:27:54]} {[%emt 00:00:37]} 33. c3 {[%clk 00:23:54]} {[%emt 00:00:11]}
Rf4 {[%clk 00:27:49]} {[%emt 00:00:15]} 34. Reg1 {[%clk 00:23:52]} {[%emt
00:00:11]} f5 {[%clk 00:27:33]} {[%emt 00:00:26]} 35. Re1 {[%clk 00:23:53]}
{[%emt 00:00:08]} Re7 {[%clk 00:27:04]} {[%emt 00:00:39]} 36. Bxg4 {[%clk
00:23:41]} {[%emt 00:00:22]} Rxg4 {[%clk 00:27:04]} {[%emt 00:00:11]} 37. Rge3
{[%clk 00:23:36]} {[%emt 00:00:15]} Rg6 {[%clk 00:27:02]} {[%emt 00:00:12]} 38.
Re5 {[%clk 00:23:18]} {[%emt 00:00:28]} Rf6 {[%clk 00:27:04]} {[%emt 00:00:09]}
39. Kd2 {[%clk 00:23:15]} {[%emt 00:00:11]} Kc6 {[%clk 00:26:44]} {[%emt
00:00:31]} 40. Ke3 {[%clk 00:23:23]} {[%emt 00:00:01]} Rg7 {[%clk 00:26:08]}
{[%emt 00:00:46]} 41. Kd3 {[%clk 00:23:11]} {[%emt 00:00:22]} Rg3+ {[%clk
00:25:51]} {[%emt 00:00:27]} 42. Kd4 {[%clk 00:23:14]} {[%emt 00:00:06]} Rgg6
{[%clk 00:25:33]} {[%emt 00:00:29]} 43. b3 {[%clk 00:23:10]} {[%emt 00:00:14]}
f4 {[%clk 00:25:21]} {[%emt 00:00:22]} 44. Ke4 {[%clk 00:23:05]} {[%emt
00:00:14]} f3 {[%clk 00:24:06]} {[%emt 00:01:25]} 45. Rh5 {[%clk 00:22:58]}
{[%emt 00:00:16]} f2 {[%clk 00:23:52]} {[%emt 00:00:25]} 46. Rf1 {[%clk
00:22:59]} {[%emt 00:00:09]} Rg1 {[%clk 00:23:29]} {[%emt 00:00:34]} 47. Rh1
{[%clk 00:23:07]} {[%emt 00:00:01]} Rxh1 {[%clk 00:23:31]} {[%emt 00:00:09]}
0-1